000 00255nam a22001217a 4500
041 _aENG
100 _aBhogalel.S
245 _aSheti Israilachi
260 _aPune
_bRahhans Prakashan
_c1994
300 _a232
650 _aMarathi
856 _uMarathi ( 33 )
999 _c2248
_d2248